[Event "Championnat de la Réunion Individuel 2026"]
[Site "Reunion"]
[Date "????.??.??"]
[Round "5.2"]
[White "HOARAU, Antoine"]
[Black "PAYET, Nathan"]
[Result "1/2-1/2"]
[WhiteTitle "-"]
[BlackTitle "-"]
[WhiteFideId "-"]
[BlackFideId "-"]
[WhiteElo "1820"]
[BlackElo "1913"]

1. d4 {[%clk 01:15:57]} {[%emt 00:00:02]} Nf6 {[%clk 01:15:54]} {[%emt
00:00:07]} 2. c4 {[%clk 01:16:21]} {[%emt 00:00:06]} g6 {[%clk 01:16:20]}
{[%emt 00:00:04]} 3. f3 {[%clk 01:16:47]} {[%emt 00:00:04]} Bg7 {[%clk
01:16:43]} {[%emt 00:00:07]} 4. e4 {[%clk 01:17:13]} {[%emt 00:00:04]} d6
{[%clk 01:16:59]} {[%emt 00:00:14]} 5. Nc3 {[%clk 01:17:38]} {[%emt 00:00:05]}
e5 {[%clk 01:17:15]} {[%emt 00:00:14]} 6. Nge2 {[%clk 01:15:11]} {[%emt
00:02:57]} O-O {[%clk 01:17:09]} {[%emt 00:00:35]} 7. Be3 {[%clk 01:14:50]}
{[%emt 00:00:51]} Nbd7 {[%clk 01:17:05]} {[%emt 00:00:34]} 8. Qd2 {[%clk
01:13:51]} {[%emt 00:01:30]} c6 {[%clk 01:17:14]} {[%emt 00:00:21]} 9. d5
{[%clk 01:13:41]} {[%emt 00:00:40]} cxd5 {[%clk 01:17:06]} {[%emt 00:00:38]} 10.
cxd5 {[%clk 01:14:03]} {[%emt 00:00:08]} Nc5 {[%clk 01:16:03]} {[%emt
00:01:33]} 11. b4 {[%clk 00:55:13]} {[%emt 00:19:20]} Ncd7 {[%clk 01:16:05]}
{[%emt 00:00:28]} 12. g4 {[%clk 00:54:45]} {[%emt 00:00:58]} Ne8 {[%clk
00:55:40]} {[%emt 00:20:55]} 13. h4 {[%clk 00:52:26]} {[%emt 00:02:49]} f5
{[%clk 00:52:08]} {[%emt 00:04:02]} 14. g5 {[%clk 00:33:31]} {[%emt 00:19:25]}
f4 {[%clk 00:45:50]} {[%emt 00:06:48]} 15. Bf2 {[%clk 00:33:18]} {[%emt
00:00:43]} Nb6 {[%clk 00:45:49]} {[%emt 00:00:32]} 16. Nc1 {[%clk 00:30:59]}
{[%emt 00:02:49]} h5 {[%clk 00:42:28]} {[%emt 00:03:51]} 17. Nb3 {[%clk
00:28:08]} {[%emt 00:03:21]} Bd7 {[%clk 00:35:15]} {[%emt 00:07:43]} 18. Rc1
{[%clk 00:22:40]} {[%emt 00:05:58]} Rc8 {[%clk 00:33:52]} {[%emt 00:01:54]} 19.
Bd3 {[%clk 00:21:34]} {[%emt 00:01:35]} Nc4 {[%clk 00:20:18]} {[%emt 00:14:04]}
20. Qe2 {[%clk 00:21:53]} {[%emt 00:00:12]} Nb6 {[%clk 00:14:33]} {[%emt
00:06:15]} 21. O-O {[%clk 00:21:12]} {[%emt 00:01:10]} Rf7 {[%clk 00:10:34]}
{[%emt 00:04:29]} 22. Na5 {[%clk 00:18:56]} {[%emt 00:02:46]} Bh3 {[%emt
00:01:01]} 23. Rfd1 {[%clk 00:19:25]} Rfc7 {[%clk 00:09:41]} {[%emt 00:00:53]}
24. Bxb6 {[%clk 00:13:57]} {[%emt 00:05:58]} axb6 {[%clk 00:10:05]} {[%emt
00:00:06]} 25. Nc4 {[%clk 00:14:20]} {[%emt 00:00:07]} Bd7 {[%clk 00:07:56]}
{[%emt 00:02:39]} 26. a4 {[%clk 00:12:15]} {[%emt 00:02:35]} Bxa4 {[%clk
00:06:22]} {[%emt 00:02:04]} 27. Nxa4 {[%clk 00:12:09]} {[%emt 00:00:37]} b5
{[%clk 00:06:47]} {[%emt 00:00:05]} 28. Nab6 {[%clk 00:10:40]} {[%emt
00:01:59]} Rb8 {[%clk 00:02:49]} {[%emt 00:04:28]} 29. Kg2 {[%clk 00:09:11]}
{[%emt 00:01:59]} bxc4 {[%clk 00:02:49]} {[%emt 00:00:30]} 30. Bxc4 {[%clk
00:08:13]} {[%emt 00:01:28]} Bf8 {[%clk 00:02:30]} {[%emt 00:00:48]} 31. Qf2
{[%clk 00:07:41]} {[%emt 00:01:03]} Rf7 {[%clk 00:02:23]} {[%emt 00:00:37]} 32.
Rd2 {[%clk 00:07:21]} {[%emt 00:00:50]} Nc7 {[%clk 00:02:09]} {[%emt 00:00:44]}
33. Rdc2 {[%clk 00:07:12]} {[%emt 00:00:39]} Na6 {[%clk 00:02:00]} {[%emt
00:00:39]} 34. Rb2 {[%emt 00:03:06]} 1/2-1/2

[Event "Championnat de la Réunion Individuel 2026"]
[Site "Reunion"]
[Date "????.??.??"]
[Round "5.3"]
[White "LAMBERT HOAREAU, Guillaume"]
[Black "MANSARD, Grégoire"]
[Result "1-0"]
[WhiteTitle "-"]
[BlackTitle "-"]
[WhiteFideId "-"]
[BlackFideId "-"]
[WhiteElo "1901"]
[BlackElo "1715"]

1. e4 {[%clk 01:15:54]} {[%emt 00:00:05]} c6 {[%clk 01:15:48]} {[%emt
00:00:12]} 2. d4 {[%clk 01:16:13]} {[%emt 00:00:12]} d5 {[%clk 01:16:01]}
{[%emt 00:00:16]} 3. Nc3 {[%clk 01:16:31]} {[%emt 00:00:12]} dxe4 {[%clk
01:16:20]} {[%emt 00:00:11]} 4. Nxe4 {[%clk 01:16:54]} {[%emt 00:00:08]} Nf6
{[%clk 01:16:29]} {[%emt 00:00:20]} 5. Nxf6+ {[%clk 01:17:14]} {[%emt
00:00:10]} exf6 {[%clk 01:16:20]} {[%emt 00:00:39]} 6. Be3 {[%clk 01:17:35]}
{[%emt 00:00:10]} Be7 {[%clk 01:15:24]} {[%emt 00:01:25]} 7. Bd3 {[%clk
01:17:31]} {[%emt 00:00:34]} O-O {[%clk 01:14:25]} {[%emt 00:01:28]} 8. Ne2
{[%clk 01:17:37]} {[%emt 00:00:25]} Re8 {[%clk 01:13:41]} {[%emt 00:01:14]} 9.
O-O {[%clk 01:17:48]} {[%emt 00:00:19]} Nd7 {[%clk 01:13:25]} {[%emt 00:00:46]}
10. c4 {[%clk 01:17:45]} {[%emt 00:00:34]} Nf8 {[%clk 01:11:45]} {[%emt
00:02:09]} 11. Qc2 {[%clk 01:17:44]} {[%emt 00:00:32]} Be6 {[%clk 01:09:57]}
{[%emt 00:02:19]} 12. Rad1 {[%clk 01:16:48]} {[%emt 00:01:26]} Ng6 {[%clk
01:07:50]} {[%emt 00:02:35]} 13. a3 {[%clk 01:10:27]} {[%emt 00:06:52]} Bd6
{[%clk 01:01:58]} {[%emt 00:06:22]} 14. b4 {[%clk 01:07:35]} {[%emt 00:03:22]}
a5 {[%clk 01:00:51]} {[%emt 00:01:37]} 15. c5 {[%clk 01:05:55]} {[%emt
00:02:09]} Bc7 {[%clk 00:59:38]} {[%emt 00:01:43]} 16. Bc4 {[%clk 01:03:05]}
{[%emt 00:03:19]} Bd5 {[%clk 00:53:22]} {[%emt 00:06:46]} 17. Qb3 {[%clk
01:00:37]} {[%emt 00:02:58]} Ne7 {[%clk 00:37:23]} {[%emt 00:16:28]} 18. Nc3
{[%clk 00:58:06]} {[%emt 00:03:03]} Bxc4 {[%clk 00:28:14]} {[%emt 00:09:38]} 19.
Qxc4 {[%clk 00:58:10]} {[%emt 00:00:27]} axb4 {[%clk 00:26:03]} {[%emt
00:02:41]} 20. axb4 {[%clk 00:57:40]} {[%emt 00:01:00]} Nf5 {[%clk 00:24:56]}
{[%emt 00:01:37]} 21. Bc1 {[%clk 00:56:08]} {[%emt 00:02:02]} b5 {[%clk
00:20:58]} {[%emt 00:04:27]} 22. cxb6 {[%clk 00:44:15]} {[%emt 00:12:22]} Bxb6
{[%clk 00:20:53]} {[%emt 00:00:35]} 23. d5 {[%clk 00:42:56]} {[%emt 00:01:49]}
Nd6 {[%clk 00:16:43]} {[%emt 00:04:41]} 24. Qd3 {[%clk 00:41:29]} {[%emt
00:01:57]} c5 {[%clk 00:14:50]} {[%emt 00:02:23]} 25. bxc5 {[%clk 00:24:41]}
{[%emt 00:17:18]} Bxc5 {[%clk 00:15:00]} {[%emt 00:00:19]} 26. Nb5 {[%clk
00:20:10]} {[%emt 00:05:01]} Ra5 {[%emt 00:01:08]} 27. Nxd6 {[%clk 00:16:44]}
{[%emt 00:03:54]} Bxd6 {[%clk 00:14:49]} {[%emt 00:00:07]} 28. Be3 {[%clk
00:15:08]} {[%emt 00:02:05]} Re5 {[%clk 00:12:18]} {[%emt 00:03:01]} 29. g3
{[%clk 00:14:39]} {[%emt 00:00:59]} g5 {[%clk 00:10:19]} {[%emt 00:02:29]} 30.
Qb3 {[%clk 00:04:54]} {[%emt 00:10:15]} Qa8 {[%clk 00:07:21]} {[%emt 00:03:28]}
31. Bd4 {[%clk 00:04:18]} {[%emt 00:01:06]} Qxd5 {[%clk 00:06:14]} {[%emt
00:01:37]} 32. Qc3 {[%clk 00:02:43]} {[%emt 00:02:06]} Re8 {[%clk 00:05:16]}
{[%emt 00:01:27]} 33. Bb6 {[%clk 00:01:53]} {[%emt 00:01:21]} Rc5 {[%clk
00:03:20]} {[%emt 00:02:26]} 34. Rxd5 {[%clk 00:01:40]} {[%emt 00:00:43]} Rxc3
{[%clk 00:03:40]} {[%emt 00:00:09]} 35. Rxd6 {[%clk 00:02:05]} {[%emt
00:00:05]} Rf3 {[%clk 00:03:19]} {[%emt 00:00:50]} 36. Be3 {[%clk 00:02:19]}
{[%emt 00:00:17]} g4 {[%clk 00:03:15]} {[%emt 00:00:34]} 37. Rfd1 {[%clk
00:02:28]} {[%emt 00:00:21]} Re6 {[%clk 00:02:51]} {[%emt 00:00:54]} 38. Rxe6
{[%clk 00:02:47]} {[%emt 00:00:11]} fxe6 {[%clk 00:02:58]} {[%emt 00:00:22]} 39.
Rd7 {[%clk 00:03:14]} {[%emt 00:00:04]} f5 {[%clk 00:03:03]} {[%emt 00:00:25]}
40. Re7 {[%clk 00:03:35]} {[%emt 00:00:09]} Kf8 {[%clk 00:02:46]} {[%emt
00:00:47]} 41. Rxe6 {[%clk 00:04:01]} {[%emt 00:00:04]} Kf7 {[%clk 00:03:06]}
{[%emt 00:00:09]} 42. Rb6 {[%clk 00:04:14]} {[%emt 00:00:17]} Kg7 {[%clk
00:03:06]} {[%emt 00:00:30]} 43. Kg2 {[%clk 00:04:36]} {[%emt 00:00:08]} h5
{[%clk 00:03:03]} {[%emt 00:00:33]} 44. Rb4 {[%clk 00:04:24]} {[%emt 00:00:42]}
Kf6 {[%clk 00:03:03]} {[%emt 00:00:29]} 45. Rf4 {[%clk 00:04:48]} {[%emt
00:00:06]} Rxf4 {[%clk 00:03:14]} {[%emt 00:00:18]} 46. Bxf4 {[%clk 00:05:14]}
{[%emt 00:00:05]} Ke6 {[%clk 00:03:24]} {[%emt 00:00:21]} 47. f3 {[%clk
00:05:39]} {[%emt 00:00:05]} Kd5 {[%clk 00:03:42]} {[%emt 00:00:12]} 48. h3
{[%clk 00:05:11]} {[%emt 00:00:57]} Kd4 {[%clk 00:03:22]} {[%emt 00:00:51]} 49.
hxg4 {[%clk 00:05:35]} {[%emt 00:00:06]} hxg4 {[%clk 00:03:25]} {[%emt
00:00:27]} 50. Kf2 {[%clk 00:05:56]} {[%emt 00:00:09]} gxf3 {[%clk 00:02:21]}
{[%emt 00:01:34]} 51. Kxf3 {[%clk 00:06:19]} {[%emt 00:00:07]} Kd5 {[%clk
00:02:38]} {[%emt 00:00:13]} 52. Bb8 {[%clk 00:06:38]} {[%emt 00:00:11]} Ke6
{[%clk 00:02:48]} {[%emt 00:00:20]} 53. Kf4 {[%clk 00:06:59]} {[%emt 00:00:09]}
Kf6 {[%clk 00:03:07]} {[%emt 00:00:11]} 54. Bc7 {[%clk 00:07:27]} {[%emt
00:00:03]} Kg6 {[%clk 00:02:55]} {[%emt 00:00:42]} 55. Be5 {[%clk 00:07:52]}
{[%emt 00:00:05]} Kh5 {[%clk 00:03:02]} {[%emt 00:00:23]} 56. Kxf5 {[%clk
00:08:12]} {[%emt 00:00:10]} Kh6 {[%clk 00:03:27]} {[%emt 00:00:05]} 57. g4
{[%clk 00:08:31]} {[%emt 00:00:11]} Kh7 {[%clk 00:03:51]} {[%emt 00:00:06]} 58.
Kf6 {[%clk 00:08:55]} {[%emt 00:00:06]} Kh6 {[%clk 00:04:10]} {[%emt 00:00:11]}
59. g5 {[%clk 00:09:17]} {[%emt 00:00:07]} Kh7 {[%clk 00:04:27]} {[%emt
00:00:13]} 60. g6+ {[%clk 00:09:40]} {[%emt 00:00:07]} Kh8 {[%clk 00:04:38]}
{[%emt 00:00:18]} 61. Kf7+ {[%clk 00:10:07]} {[%emt 00:00:05]} 1-0

[Event "Championnat de la Réunion Individuel 2026"]
[Site "Reunion"]
[Date "????.??.??"]
[Round "5.4"]
[White "MEZOUAGHI, Miloud"]
[Black "PAYET, Thomas"]
[Result "1-0"]
[WhiteTitle "-"]
[BlackTitle "-"]
[WhiteFideId "-"]
[BlackFideId "-"]
[WhiteElo "1994"]
[BlackElo "1730"]

1. Nf3 {[%clk 01:15:17]} {[%emt 00:00:41]} d5 {[%clk 01:15:54]} {[%emt
00:00:07]} 2. g3 {[%clk 01:13:08]} {[%emt 00:02:39]} Nf6 {[%clk 01:14:32]}
{[%emt 00:01:52]} 3. Bg2 {[%clk 01:13:06]} {[%emt 00:00:31]} g6 {[%clk
01:14:04]} {[%emt 00:00:58]} 4. c4 {[%clk 01:11:55]} {[%emt 00:01:41]} c6
{[%clk 01:14:28]} {[%emt 00:00:07]} 5. b3 {[%clk 01:08:25]} {[%emt 00:04:00]}
Bg7 {[%clk 01:14:21]} {[%emt 00:00:36]} 6. Bb2 {[%clk 01:08:50]} {[%emt
00:00:05]} O-O {[%clk 01:13:10]} {[%emt 00:01:41]} 7. O-O {[%clk 01:07:39]}
{[%emt 00:01:41]} Re8 {[%clk 01:07:17]} {[%emt 00:06:23]} 8. d3 {[%clk
01:06:12]} {[%emt 00:01:57]} Bf5 {[%clk 00:59:47]} {[%emt 00:08:00]} 9. Nbd2
{[%clk 01:01:53]} {[%emt 00:04:47]} Nbd7 {[%clk 00:53:17]} {[%emt 00:07:01]} 10.
cxd5 {[%clk 00:25:16]} {[%emt 00:37:07]} cxd5 {[%clk 00:52:13]} {[%emt
00:01:34]} 11. Nd4 {[%clk 00:21:19]} {[%emt 00:04:28]} e5 {[%clk 00:40:47]}
{[%emt 00:11:56]} 12. Nxf5 {[%clk 00:21:06]} {[%emt 00:00:43]} gxf5 {[%clk
00:41:00]} {[%emt 00:00:17]} 13. Bh3 {[%clk 00:14:32]} {[%emt 00:07:04]} f4
{[%clk 00:27:21]} {[%emt 00:14:09]} 14. Nf3 {[%clk 00:08:53]} {[%emt 00:06:08]}
fxg3 {[%clk 00:25:15]} {[%emt 00:02:37]} 15. fxg3 {[%clk 00:08:27]} {[%emt
00:00:56]} d4 {[%clk 00:23:27]} {[%emt 00:02:18]} 16. Nh4 {[%clk 00:07:31]}
{[%emt 00:01:26]} Nd5 {[%clk 00:19:49]} {[%emt 00:04:07]} 17. Nf5 {[%clk
00:07:54]} {[%emt 00:00:07]} Bf8 {[%clk 00:17:28]} {[%emt 00:02:49]} 18. Qd2
{[%clk 00:06:40]} {[%emt 00:01:46]} Qb6 {[%clk 00:15:32]} {[%emt 00:02:25]} 19.
Kh1 {[%clk 00:05:55]} {[%emt 00:01:16]} Nc5 {[%clk 00:13:25]} {[%emt 00:02:37]}
20. Rac1 {[%clk 00:03:17]} {[%emt 00:03:08]} Qg6 {[%clk 00:11:10]} {[%emt
00:02:44]} 21. Rxc5 {[%clk 00:02:01]} {[%emt 00:01:48]} Bxc5 {[%clk 00:10:34]}
{[%emt 00:01:05]} 22. Nh6+ {[%clk 00:02:29]} {[%emt 00:00:03]} Kh8 {[%clk
00:09:11]} {[%emt 00:01:54]} 23. Nxf7+ {[%clk 00:01:27]} {[%emt 00:01:32]} Kg8
{[%clk 00:09:04]} {[%emt 00:00:35]} 24. Rf5 {[%clk 00:01:18]} {[%emt 00:00:39]}
Bb4 {[%clk 00:05:30]} {[%emt 00:04:05]} 25. Qc1 {[%clk 00:01:08]} {[%emt
00:00:40]} Rac8 {[%clk 00:04:51]} {[%emt 00:01:09]} 26. Qg1 {[%emt 00:01:48]}
Qc6 {[%clk 00:03:53]} 27. Bg2 {[%clk 00:01:01]} {[%emt 00:00:48]} Bd6 {[%clk
00:02:08]} {[%emt 00:02:15]} 28. Qf2 {[%clk 00:01:11]} {[%emt 00:00:20]} Bb8
{[%clk 00:01:54]} {[%emt 00:00:43]} 29. Rg5+ {[%clk 00:01:27]} {[%emt
00:00:14]} Kf8 {[%clk 00:01:33]} {[%emt 00:00:50]} 30. Ba3+ {[%clk 00:01:38]}
{[%emt 00:00:20]} Re7 {[%clk 00:01:36]} {[%emt 00:00:27]} 31. Nxe5+ {[%clk
00:01:33]} {[%emt 00:00:35]} Qf6 {[%clk 00:01:54]} {[%emt 00:00:12]} 32. Rf5
{[%clk 00:01:58]} {[%emt 00:00:06]} Bxe5 {[%clk 00:01:59]} {[%emt 00:00:24]} 33.
Bxd5 {[%clk 00:01:49]} {[%emt 00:00:40]} Kg7 {[%clk 00:00:55]} {[%emt
00:01:35]} 34. Rxf6 {[%clk 00:02:02]} {[%emt 00:00:16]} Bxf6 {[%clk 00:01:17]}
{[%emt 00:00:08]} 35. Bxe7 {[%clk 00:02:27]} {[%emt 00:00:05]} Kf8 {[%clk
00:01:00]} {[%emt 00:00:13]} 1-0

[Event "Championnat de la Réunion Individuel 2026"]
[Site "Reunion"]
[Date "????.??.??"]
[Round "6.1"]
[White "RIVIERE, Etienne"]
[Black "HAMON, Christian"]
[Result "1-0"]
[WhiteTitle "-"]
[BlackTitle "-"]
[WhiteFideId "-"]
[BlackFideId "-"]
[WhiteElo "2062"]
[BlackElo "1875"]

1. e4 {[%clk 01:15:54]} {[%emt 00:00:05]} c5 {[%clk 01:15:56]} {[%emt
00:00:04]} 2. Nf3 {[%clk 01:16:01]} {[%emt 00:00:23]} Nc6 {[%clk 01:16:22]}
{[%emt 00:00:05]} 3. b3 {[%clk 01:14:57]} {[%emt 00:01:34]} e5 {[%clk
01:15:44]} {[%emt 00:01:08]} 4. Bb5 {[%clk 01:13:18]} {[%emt 00:02:09]} Nge7
{[%clk 01:15:01]} {[%emt 00:01:13]} 5. Bb2 {[%clk 01:12:52]} {[%emt 00:00:57]}
d6 {[%clk 01:15:02]} {[%emt 00:00:28]} 6. c3 {[%clk 01:11:33]} {[%emt
00:01:49]} a6 {[%clk 01:14:24]} {[%emt 00:01:08]} 7. Bxc6+ {[%clk 01:09:54]}
{[%emt 00:02:09]} Nxc6 {[%clk 01:13:23]} {[%emt 00:01:31]} 8. d4 {[%clk
01:08:59]} {[%emt 00:01:25]} Bg4 {[%clk 01:12:51]} {[%emt 00:01:02]} 9. d5
{[%clk 01:04:41]} {[%emt 00:04:49]} Nb8 {[%clk 01:11:38]} {[%emt 00:01:42]} 10.
Nbd2 {[%clk 01:04:49]} {[%emt 00:00:22]} Be7 {[%clk 01:11:18]} {[%emt
00:00:49]} 11. Nf1 {[%clk 01:04:29]} {[%emt 00:00:51]} O-O {[%clk 01:10:22]}
{[%emt 00:01:25]} 12. Ne3 {[%clk 01:04:14]} {[%emt 00:00:46]} Bh5 {[%clk
01:08:42]} {[%emt 00:02:10]} 13. g4 {[%clk 01:03:17]} {[%emt 00:01:27]} Bg6
{[%clk 01:09:04]} {[%emt 00:00:09]} 14. Nf5 {[%clk 01:02:43]} {[%emt 00:01:04]}
Nd7 {[%clk 00:56:08]} {[%emt 00:13:26]} 15. h4 {[%clk 00:57:19]} {[%emt
00:05:53]} Nf6 {[%clk 00:50:11]} {[%emt 00:06:27]} 16. Qe2 {[%clk 00:56:40]}
{[%emt 00:01:09]} h5 {[%clk 00:49:49]} {[%emt 00:00:52]} 17. g5 {[%clk
00:54:27]} {[%emt 00:02:43]} Nxd5 {[%clk 00:47:21]} {[%emt 00:02:59]} 18. O-O-O
{[%clk 00:51:29]} {[%emt 00:03:28]} Nf4 {[%clk 00:45:56]} {[%emt 00:01:54]} 19.
Qc2 {[%clk 00:43:06]} {[%emt 00:08:54]} Qc7 {[%clk 00:45:11]} {[%emt 00:01:15]}
20. c4 {[%clk 00:42:41]} {[%emt 00:00:54]} b5 {[%clk 00:44:24]} {[%emt
00:01:17]} 21. Ne3 {[%clk 00:38:10]} {[%emt 00:05:00]} Qb7 {[%clk 00:41:37]}
{[%emt 00:03:17]} 22. Nd2 {[%clk 00:34:03]} {[%emt 00:04:38]} b4 {[%clk
00:34:43]} {[%emt 00:07:24]} 23. f3 {[%clk 00:33:19]} {[%emt 00:01:14]} a5
{[%clk 00:34:59]} {[%emt 00:00:14]} 24. Ndf1 {[%clk 00:32:27]} {[%emt
00:01:21]} Rfd8 {[%clk 00:32:32]} {[%emt 00:02:57]} 25. Ng3 {[%clk 00:31:36]}
{[%emt 00:01:20]} Qc6 {[%clk 00:26:43]} {[%emt 00:06:20]} 26. Ne2 {[%clk
00:27:41]} {[%emt 00:04:25]} Ne6 {[%clk 00:19:56]} {[%emt 00:07:17]} 27. Nd5
{[%clk 00:27:01]} {[%emt 00:01:10]} Bf8 {[%clk 00:19:41]} {[%emt 00:00:45]} 28.
Rhf1 {[%clk 00:26:36]} {[%emt 00:00:54]} Re8 {[%clk 00:18:49]} {[%emt
00:01:23]} 29. Rde1 {[%clk 00:25:53]} {[%emt 00:01:13]} a4 {[%clk 00:17:52]}
{[%emt 00:01:27]} 30. Kb1 {[%clk 00:24:46]} {[%emt 00:01:37]} axb3 {[%clk
00:18:13]} {[%emt 00:00:10]} 31. axb3 {[%clk 00:24:12]} {[%emt 00:01:04]} Ra7
{[%clk 00:05:14]} {[%emt 00:13:28]} 32. Rf2 {[%clk 00:20:43]} {[%emt 00:03:58]}
Rea8 {[%clk 00:02:02]} {[%emt 00:03:42]} 33. f4 {[%clk 00:19:30]} {[%emt
00:01:43]} exf4 {[%clk 00:02:17]} {[%emt 00:00:15]} 34. Nexf4 {[%clk 00:15:24]}
{[%emt 00:04:37]} Nd4 {[%clk 00:02:33]} {[%emt 00:00:14]} 35. Bxd4 {[%clk
00:13:30]} {[%emt 00:02:23]} cxd4 {[%clk 00:02:56]} {[%emt 00:00:07]} 36. Qb2
{[%clk 00:12:16]} {[%emt 00:01:45]} Qa6 {[%clk 00:01:41]} {[%emt 00:01:46]} 37.
Kc2 {[%clk 00:10:55]} {[%emt 00:01:50]} Qb7 {[%clk 00:01:04]} {[%emt 00:01:07]}
38. Kd3 {[%clk 00:10:54]} {[%emt 00:00:31]} Qd7 {[%clk 00:00:54]} {[%emt
00:00:41]} 39. Nb6 {[%clk 00:06:42]} {[%emt 00:04:42]} Qg4 {[%clk 00:00:45]}
{[%emt 00:00:39]} 40. Nxa8 {[%clk 00:06:01]} {[%emt 00:01:11]} Rxa8 {[%clk
00:01:13]} 41. Qe2 {[%clk 00:03:52]} {[%emt 00:02:40]} Qxh4 {[%clk 00:01:09]}
{[%emt 00:00:35]} 42. Nxg6 {[%clk 00:03:30]} {[%emt 00:00:52]} fxg6 {[%clk
00:01:38]} 43. Qf3 {[%clk 00:03:13]} {[%emt 00:00:47]} Qxg5 {[%clk 00:01:23]}
{[%emt 00:00:45]} 44. e5 {[%clk 00:01:31]} {[%emt 00:02:11]} Qf5+ {[%clk
00:01:08]} {[%emt 00:00:45]} 45. Qxf5 {[%clk 00:01:49]} {[%emt 00:00:13]} gxf5
{[%emt 00:00:01]} 46. e6 {[%emt 00:00:24]} Be7 {[%clk 00:00:53]} {[%emt
00:00:21]} 47. Rxf5 {[%clk 00:02:10]} {[%emt 00:00:08]} h4 {[%clk 00:00:44]}
{[%emt 00:00:39]} 48. Kxd4 {[%clk 00:02:08]} {[%emt 00:00:32]} Ra3 {[%clk
00:00:37]} {[%emt 00:00:36]} 49. Rf7 {[%clk 00:02:05]} {[%emt 00:00:32]} Bf6+
{[%clk 00:00:54]} {[%emt 00:00:14]} 50. Rxf6 {[%clk 00:02:24]} {[%emt
00:00:12]} gxf6 {[%clk 00:00:40]} 51. e7 1-0

[Event "Championnat de la Réunion Individuel 2026"]
[Site "Reunion"]
[Date "????.??.??"]
[Round "6.2"]
[White "PAYET, Nathan"]
[Black "HOARAU, Antoine"]
[Result "1/2-1/2"]
[WhiteTitle "-"]
[BlackTitle "-"]
[WhiteFideId "-"]
[BlackFideId "-"]
[WhiteElo "1913"]
[BlackElo "1820"]

1. e4 {[%clk 01:15:56]} {[%emt 00:00:04]} c5 {[%clk 01:15:57]} {[%emt
00:00:03]} 2. Nf3 {[%clk 01:16:22]} {[%emt 00:00:03]} Nc6 {[%clk 01:16:24]}
{[%emt 00:00:03]} 3. d4 {[%clk 01:16:46]} {[%emt 00:00:05]} cxd4 {[%clk
01:16:49]} {[%emt 00:00:06]} 4. Nxd4 {[%clk 01:17:11]} {[%emt 00:00:05]} d5
{[%clk 01:16:22]} {[%emt 00:00:56]} 5. Nxc6 {[%clk 01:08:10]} {[%emt 00:09:31]}
bxc6 {[%clk 01:16:37]} {[%emt 00:00:15]} 6. exd5 {[%clk 01:08:26]} {[%emt
00:00:14]} Qxd5 {[%clk 01:17:03]} {[%emt 00:00:05]} 7. Nc3 {[%clk 01:04:58]}
{[%emt 00:03:56]} Qxd1+ {[%clk 01:17:29]} {[%emt 00:00:05]} 8. Nxd1 {[%clk
01:05:09]} {[%emt 00:00:18]} e5 {[%clk 01:17:41]} {[%emt 00:00:19]} 9. Ne3
{[%clk 01:00:58]} {[%emt 00:04:41]} Bc5 {[%clk 01:14:32]} {[%emt 00:03:40]} 10.
Nc4 {[%clk 00:58:22]} {[%emt 00:03:05]} f6 {[%clk 01:13:45]} {[%emt 00:01:18]}
11. Be3 {[%clk 00:57:53]} {[%emt 00:00:59]} Bxe3 {[%clk 01:11:33]} {[%emt
00:02:43]} 12. Nxe3 {[%clk 00:58:21]} {[%emt 00:00:02]} Be6 {[%clk 01:10:32]}
{[%emt 00:01:30]} 13. O-O-O {[%clk 00:56:31]} {[%emt 00:02:19]} Ne7 {[%clk
01:09:01]} {[%emt 00:02:03]} 14. Bc4 {[%clk 00:54:27]} {[%emt 00:02:31]} Kf7
{[%clk 00:49:32]} {[%emt 00:20:02]} 15. Rd6 {[%clk 00:49:27]} {[%emt 00:05:29]}
Bxc4 {[%clk 00:46:36]} {[%emt 00:03:27]} 16. Nxc4 {[%clk 00:49:30]} {[%emt
00:00:28]} Rhd8 {[%clk 00:44:15]} {[%emt 00:02:50]} 17. Rhd1 {[%clk 00:48:59]}
{[%emt 00:00:59]} Rxd6 {[%clk 00:44:28]} {[%emt 00:00:19]} 18. Rxd6 {[%clk
00:49:27]} {[%emt 00:00:03]} Rc8 {[%clk 00:44:29]} {[%emt 00:00:29]} 19. Rd7
{[%clk 00:47:41]} {[%emt 00:02:16]} Ra8 {[%clk 00:44:45]} {[%emt 00:00:14]} 20.
Rc7 {[%clk 00:47:24]} {[%emt 00:00:47]} Ke6 {[%clk 00:44:55]} {[%emt 00:00:20]}
21. f3 {[%clk 00:46:25]} {[%emt 00:01:28]} h5 {[%clk 00:41:08]} {[%emt
00:04:17]} 1/2-1/2